Théorie des opérations linéaires

Uloženo v:
Podrobná bibliografie
Hlavní autor: Banach, Stefan (Autor)
Médium: Kniha
Jazyk:angličtina
Vydáno: Nueva York Chelsea 1978
Vydání:2a. ed
Témata:
Tagy: Přidat tag
Žádné tagy, Buďte první, kdo vytvoří štítek k tomuto záznamu!

MARC

LEADER 00000nam a2200000 a 4500
001 UCP0616
003 CL-VaPUC
008 990313e19780000US |||||||||||||||||eng|d
082 0 4 |a 515.7  |b BAN  |2 21 
100 0 |a Banach, Stefan  |e author  |9 426013 
245 1 0 |a Théorie des opérations linéaires 
250 |a 2a. ed 
300 |a 259 p 
942 |c BK 
945 |d 19990313 00:00:00  |a crobeson 
260 |a Nueva York  |b Chelsea  |c 1978 
650 0 |a Funciones analíticas  |9 270036 
650 7 |a FUNCIONES LINEALES  |2 CL-VaPUC  |9 422404 
650 0 |a Estructuras algebraicas  |9 422373 
650 7 |a GRUPOS  |2 CL-VaPUC  |9 336429 
650 0 |a Espacios vectoriales   |9 21 
650 7 |a ESPACIOS NORMADOS  |2 CL-VaPUC  |9 425559 
650 0 |a Integrales   |9 260233 
650 0 |a Números complejos  |9 270335 
650 0 |a Análisis complejo   |9 260214 
583 |a last modification  |c 19990313 00:00:00  |k Rodrigo Vera 
999 |c 279379  |d 279377